000
00321nam a2200133Ia 4500
005
20251222143224.0
008
251222s9999||||xx |||||||||||||| ||spa||
020
_a
8476308043
082
_a
700/A65
245
0
_a
Historia Ilustrada de las Antigüedades:
250
_a
1ra.ed.
264
_b
Editorial Libsa
942
_c
LIB
999
_c
13916
_d
13916